Sports Quiz

Random Sports Quiz

PL-danskere Quiz Stats

 Plays Quiz not verified by Sporcle

Support Sporcle.
Go Orange.
Score 0/20 Timer 04:00
1 Play Today
Klubber Svar % Correct
Southampton Pierre-Emile Højbjerg
84.5%
LiverpoolDaniel Agger
76.7%
TottenhamChristian Eriksen
73.5%
Arsenal, SunderlandNicklas Bendtner
67.5%
Chelsea, BirminghamJesper Grønkjær
64.1%
Man UnitedAnders Lindegaard
51.6%
Charlton Dennis Rommedahl
43.2%
CardiffAndreas Cornelius
43.1%
HuddersfieldMathias 'Zanka' Jørgensen
42.4%
LiverpoolJan Mølby
42%
Klubber Svar % Correct
BurnleyBrian Jensen
40.4%
CardiffKenneth Zohore
36.7%
ChelseaBrian Laudrup
32.3%
Aston VillaJores Okore
31.5%
Man CityMikkel Bischoff
27.4%
MiddlesbroughViktor Fischer
27.2%
Aston VillaNicklas Helenius
21.4%
BoltonStig Tøfting
16.5%
NewcastleJon Dahl Tomasson
11.9%
FulhamLeon Andreasen
3.1%

You're not logged in!

Compare scores with friends on all Sporcle quizzes.
OR
Log In

From the Vault

Bands & Musicians by Song: 'D'

by kfastic

Say their names, say their names.
Remove Ads.
Support Sporcle.
Get the best of Sporcle when you Go Orange. This ad-free experience offers more features, more stats, and more fun while also helping to support Sporcle. Thank you for becoming a member.

Show Comments

Extras

Created Feb 14, 2020ReportNominate
Tags:kan, Svar

Top Quizzes Today


Score Distribution

Your Account Isn't Verified!

In order to create a playlist on Sporcle, you need to verify the email address you used during registration. Go to your Sporcle Settings to finish the process.

Report this User

Report this user for behavior that violates our Community Guidelines.

Details: